| 000 | 00759nam a22001337a 4500 | ||
|---|---|---|---|
| 040 | _cRUA | ||
| 082 | _aAVM TEP 2011 B098 Or.1 | ||
| 100 | _aTEP SAM SEREY VICHET | ||
| 245 | _aStudy on growth rate of cp-avian used oncentrate feed with brewery waste at royal university of agriculture, (សិក្សាលើការលូតលាស់មាន់ពូជ CP-AVIAN ដោយប្រើប្រាស់ចមណីផ្សំដែលមានកាកស្រាបៀរ នៅសាកលវិទ្យាល័យភូមិន្ទកសិកម្ម) | ||
| 260 |
_aphnom npenh _brua _c2011 |
||
| 300 |
_ax, 40p. _bill. _c29cm. |
||
| 856 | _uhttps://drive.google.com/file/d/1pjhI9G4q2ZuVN6VIkA7vp-JhGKvh0__b/view?usp=sharing | ||
| 942 | _cAVM | ||
| 999 |
_c2526 _d2526 |
||